| 000 -CABECERA |
| Longitud fija campo de control |
00616nam a2200169 a 4500 |
| 001 - NÚMERO DE CONTROL |
| Número de control |
3167 |
| 003 - IDENTIFICADOR DEL NÚMERO DE CONTROL |
| Identificador del número de control |
CDMR |
| 005 - FECHA Y HORA DE LA ÚLTIMA TRANSACCIÓN |
| Fecha y hora de la última transacción |
20151016134802.0 |
| 008 - CÓDIGOS DE INFORMACIÓN DE LONGITUD FIJA |
| Códigos de información de longitud fija |
130130s1993||||||||||||||||||||||||||||d |
| 040 ## - FUENTE DE LA CATALOGACIÓN |
| Centro catalogador de origen |
CDMR |
| Lengua de catalogación |
cat |
| Centro transcriptor |
CDMR |
| 110 2# - PUNTO DE ACCESO PRINCIPAL-NOMBRE DE ENTIDAD CORPORATIVA |
| 9 (RLIN) |
2308 |
| Nombre de entidad corporativa o nombre de jurisdicción como elemento inicial |
International Organisation of Journalists |
| 245 10 - MENCIÓN DE TÍTULO |
| Título |
Por el derecho a la información |
| Resto del título |
: declaración de la Organización Internacional de Periodistas - OIP - a la Conferencia Mundial de Derechos Humanos : Viena 14 a 25 de junio de 1993 |
| Mención de responsabilidad, etc. |
OIP |
| 260 ## - PUBLICACIÓN, DISTRIBUCIÓN, ETC. (PIE DE IMPRENTA) |
| Lugar de publicación, distribución, etc. |
Madrid |
| Fecha de publicación, distribución, etc. |
1993 |
| Nombre del editor, distribuidor, etc. |
Comunica Press |
| 300 ## - DESCRIPCIÓN FÍSICA |
| Extensión |
14 p ; |
| Dimensiones |
21 cm |
| 650 04 - PUNTO DE ACCESO ADICIONAL DE MATERIA - TÉRMINO DE MATERIA |
| Término de materia o nombre geográfico como elemento inicial |
Llibertat d'informació |
| 9 (RLIN) |
1574 |
| 942 ## - ENTRADA DE ELEMENTOS AGREGADOS (KOHA) |
| Koha [por defecto] tipo de item |
Monografies |
| Fuente de clasificaión o esquema |
|